LEADER 02082nam^a2200433^a 4500 001 991000960659707536 005 20021013003550.0 008 021007s2002 ne a b 101 0 eng 010 $a2002025421 020 $a9027247315 (Eur.) 020 $a158811192X 035 $ab13299293-39ule_inst 040 $aDip.to Lingue$bita 082 00$a420/.9$221 111 2 $aInternational Conference on English Historical Linguistics$n(11th :$d2000 :$cSantiago de Compostela, Spain)$0622168 245 10$aEnglish historical syntax and morphology :$bselected papers from 11 ICEHL, Santiago de Compostela, 7-11 September 2000 /$c[edited by] Teresa Fanego, María José López-Couso, Javier Pérez-Guerra. 260 $aAmsterdam ;$aPhiladelphia :$bJohn Benjamins Pub. Co.,$cc2002. 300 $aviii, 297 p. :$bill. ;$c23 cm. 490 1 $aAmsterdam studies in the theory and history of linguistic science. Series IV, Current issues in linguistic theory,$x0304-0763 ;$vv. 223 504 $aIncludes bibliographical references and indexes. 546 $aInglese 650 0$aEnglish language$xHistory$vCongresses. 650 0$aEnglish language$xGrammar, Historical$xCongresses. 650 0$aEnglish language$xMorphology$vCongresses. 650 0$aEnglish language$xSyntax$xCongresses. 650 4$aLingua inglese$xGrammatica storica$vSaggi 650 4$aLingua inglese$xStoria$vSaggi 650 4$aLingua inglese$xMorfologia$vSaggi 650 4$aLingua inglese$xSintassi$vSaggi 700 1 $aFanego, Teresa. 700 1 $aLópez-Couso, María José. 700 1 $aPérez-Guerra, Javier. 830 0$aAmsterdam studies in the theory and history of linguistic science.$nSeries IV,$pCurrent issues in linguistic theory ;$vv. 223 907 $a.b13299293$b09-03-22$c12-04-05 912 $a991000960659707536 945 $aLE012 420.9 FAN 2$g1$i2012000098909$lle012$o-$pE0.00$q-$rl$s- $t0$u0$v0$w0$x0$y.i14049351$z12-04-05 996 $aEnglish historical syntax and morphology$91104948 997 $aUNISALENTO 998 $ale012$b12-04-05$cm$da $e-$feng$gne $h0$i0 LEADER 01035nam0 22002771i 450 001 UON00078043 005 20231205102419.141 100 $a20020107d1960 |0itac50 ba 101 $aeng 102 $aGB 105 $a|||| ||||| 200 1 $aAfrica$eThe art of the Negro peoples$fElsy Leuzinger 210 $aLondon$cMethuen$d1960 215 $a247 p., p. di tav.$cill.$d23 cm 410 1$1001UON00067144$12001 $aArt of the world$eA series of regional histories of the visual arts 606 $aArte africana$3UONC019423$2FI 620 $aGB$dLondon$3UONL003044 676 $a709.6$cArte. Africa$v21 700 1$aLEUZINGER$bElsy$3UONV051239$0215624 712 $aMethuen & Co.$3UONV247855$4650 801 $aIT$bSOL$c20251003$gRICA 899 $aSIBA - SISTEMA BIBLIOTECARIO DI ATENEO$2UONSI 912 $aUON00078043 950 $aSIBA - SISTEMA BIBLIOTECARIO DI ATENEO$dSI ART 014 $eSI MR 71609 5 014 996 $aAfrica$91299963 997 $aUNIOR